| 000 | 00734nam a2200181Ia 4500 | ||
|---|---|---|---|
| 008 | 100920s9999 xx 000 0 und d | ||
| 082 |
_b103114 _a150 न 08 |
||
| 100 | _aभुर्के श्याम. | ||
| 245 | _aद माइंड जिम:व्यायामशाळा पण मनाची. | ||
| 260 |
_bमेहता पब्लिशिंग हाऊस,पुणे-30. _c2008 |
||
| 300 |
_a254 _bसाधी |
||
| 365 | _b200 | ||
| 520 | _aशाउ. | ||
| 630 | _aद माइंड जिम:व्यायामशाळा पण मनाची. | ||
| 650 | _aशाउ. | ||
| 730 | _aद माइंड जिम:व्यायामशाळा पण मनाची. | ||
| 942 | _cBOOK | ||
| 999 |
_c743546 _d743543 |
||